| 000 | 00672cam a22002294a 4500 | ||
|---|---|---|---|
| 008 | |||
| 020 | _a0750667923 (hbk.) | ||
| 049 | _aMAIN | ||
| 090 |
_aTH437 _bVIR |
||
| 100 | 1 | _aVirdi, Surinder Singh. | |
| 245 | 1 | 0 |
_aConstruction mathematics / _cSurinder Singh Virdi, Roy T. Baker. |
| 260 |
_aAmsterdam : _bElsevier/Butterworth-Heinemann, _c2007. |
||
| 300 |
_aix, 280 p. : _bill. ; _c25 cm. |
||
| 500 | _aIncludes index. | ||
| 650 | 0 |
_aBuilding _xMathematics. |
|
| 700 | 1 | _aBaker, Roy T. | |
| 907 |
_a.b10322528 _b05-11-12 _c05-11-12 |
||
| 003 | |||
| 005 | 20230123125504.0 | ||
| 040 | _cNUST | ||
| 942 |
_cBOOKS _kTH437 _mVIR |
||
| 999 |
_c142400 _d142400 |
||